| 000 | 00842nam a2200217 a 4500 | ||
|---|---|---|---|
| 008 | 120416s1995 ||||||||||||||||| || u | ||
| 020 | _a0750618582 | ||
| 050 | _aTH 7222 Fab | ||
| 100 | _aOughton, D. R | ||
| 245 | 1 | 0 |
_aFaber and Kell's heating and air conditioning of buildings _crevised by P. L. Martin |
| 246 | _awith some notes on combined heat and power | ||
| 250 | _aEighth ed. / revised by P.L. Martin, D.R. Oughton. | ||
| 260 |
_aOxford _bButterworth-Heinemann _c1995. |
||
| 300 | _a701 p. : ill. | ||
| 350 | _a0.00 | ||
| 500 | _aPrevious ed. entered under: Faber, Oscar. -Includes index. | ||
| 650 | _aVENTILATION | ||
| 650 | _aTEXTBOOKS | ||
| 650 | _aHEATING | ||
| 995 |
_D0.00 _FCBU-MAIN LIBRARY (Kitwe) _H1 _I0.00 _UOUT _WJun 2, 2006 _ZMain Library Open Access Collection |
||
| 999 |
_c43047 _d43047 |
||